Prioridades en las relaciones entre RF de Yugoslavia (los Balcanes), Espaňa y America Latina

Enregistré dans:
Détails bibliographiques
Autres auteurs: Pajović, Slobodan S.
Format: Livre
Langue:anglais
espagnol
Publié: Belgrade Centro de estudios de Espaňa e Iberoamerica 1998
Sujets:
Tags: Ajouter un tag
Pas de tags, Soyez le premier à ajouter un tag!

MARC

LEADER 00000nam a2200000 4500
001 c129883
005 20250707074155.1
020 |a 86-7067-048-8 
041 0 |a eng 
041 0 |a spa 
044 |a YU 
245 1 0 |a Prioridades en las relaciones entre RF de Yugoslavia (los Balcanes), Espaňa y America Latina  |c Slobodan S. Pajovic' (compílador) 
264 1 |a Belgrade  |b Centro de estudios de Espaňa e Iberoamerica  |c 1998 
300 |a 108 s. 
610 2 0 |a vzťahy hospodárske medzinárodné 
610 2 0 |a rozvoj hospodársky 
610 2 0 |a Južná Amerika 
610 2 0 |a Juhoslávia 
610 2 0 |a Španielsko 
610 2 0 |a vzťahy politické medzinárodné 
610 2 0 |a kooperácia hospodárska medzinárodná 
700 1 |a Pajović, Slobodan S.